| 000 | 00612nam a2200217 i 4500 | ||
|---|---|---|---|
| 001 | 112279 | ||
| 003 | ES-MaACL | ||
| 005 | 20250728043242.0 | ||
| 007 | t| | ||
| 008 | 061121s1964 ag r ||||1| spa d | ||
| 100 | 1 |
_aNiebuhr, Reinhold. _985619 |
|
| 245 | 1 | 0 |
_aRumbos de la comunidad humana / _cReinhold Niebuhr. |
| 260 |
_aBuenos Aires : _bIndice, _c1964. |
||
| 300 |
_a157 p. ; _c26 cm. |
||
| 490 | 1 | _aCuadernos del siglo XX | |
| 650 | 7 |
_aDemocracia _2embne _911574 |
|
| 650 | 0 | 4 |
_aLibertad. _914400 |
| 830 | 0 |
_aCuadernos del siglo XX _9184165 |
|
| 852 |
_aES-MaACL _jC-29230 |
||
| 999 |
_c112279 _d112279 |
||